000 00689nam 22002413 4500
001 197949
021 _aPT
_b4790/84
090 _a197949
100 _a20250918d u||y0pory50 ba
101 _apor
102 _aPT
200 _aBandeira Preta
_fBranquinho da Fonseca
205 _a
210 _aLisboa
_cPortugália Editora
_d1984
215 _a211, [5] p.
_cBrochado
_d19 cm
225 _aObras de Branquinho da Fonseca
300 _aContos
606 _93481
_aLiteratura Portuguesa Contos
675 _a821.134.3-34/FON/BAN
_vPT
_zpor
700 _913975
_aFonseca
_bBranquinho da
_f1905-1974
801 _aPT
_bBMMN
_gRPC
830 _cCarlos Pinto
_d18-09-2025
_fCarlos Pinto
990 _cLIVROS